00985nam a2200253 a 4500001001000000003000500010005001700015008004100032010001100073011001100084040000900095100003100104245016900135260004100304500006000345502009500405650002300500650002800523650004300551650002500594650002600619856001600645856007000661000111585CHAP20220329144220.0150618s2015 mx fsm |||||||spa d a108047 a109019 cCHAP1 aChávez Victorino, Iván13aLa interculturalidad como pilar de la educación del siglo XXI :bla trascendencia para el fortalecimiento en la UAChh[En línea]cpor Iván Chávez Victorino. aChapingo, Méx. :bEl autor,c2015. aPara ver el contenido del material haga clic en la liga aTesis (M.C. en Ciencias en Sociología Rural) -- UACH. Departamento de Sociología Rural14aCiencia y cultura.14aEducación agrícola.14aEducación superiorzMéxico (Edo.).14aIndiosxEducación.14aPolítica educativa. a1 n0001591 aFinding aiduhttp://10.13.5.2/tesis/sist111585.pdfzTeclea aquí